000 00855cam a2200253 4500
001 8031
005 20181127184930.0
008 761217s1978 enka b 001 0 eng
010 _a 76062582
020 _a0521215366
020 _a0521292166 (pbk.)
082 0 0 _a294.3/4/3
100 1 _aOrtner, Sherry B.,
_d1941-
245 1 0 _aSherpas through their rituals /
_cSherry B. Ortner.
260 _aCambridge ;
_aNew York :
_bCambridge University Press,
_c1978.
300 _axii, 195 p. :
_bill.;
_c24 cm.
440 0 _aAnthropological studies of systems of meaning ;
_v2
440 0 _aCambridge studies in cultural systems ;
_v2
500 _aIncludes index.
504 _aBibliography: p. 187-189.
650 0 _aBuddhism
_zHimalaya Mountains Region.
_xDoctrines.
650 0 _aSherpa (Nepalese people)
_xReligion.
999 _c6915
_d6915